Movimientos migratorios extremeños en el "desarrollismo español" (1960-75) (Record no. 13547)

MARC details
000 -LEADER
campo de control de longitud fija 00887nam a2200217 i 4500
001 - NÚMERO DE CONTROL
campo de control 13547
003 - IDENTIFICADOR DE NÚMERO DE CONTROL
campo de control ES-MaACL
005 - FECHA Y HORA DE LA ÚLTIMA TRANSACCIÓN
campo de control 20250828094148.0
007 - CAMPO FIJO DE DESCRIPCIÓN FÍSICA--INFORMACIÓN GENERAL
campo de control de longitud fija t|
008 - DATOS DE LONGITUD FIJA--INFORMACIÓN GENERAL
campo de control de longitud fija 980514s1986 sp ||||1| spa d
020 ## - NÚMERO INTERNACIONAL ESTÁNDAR DEL LIBRO
Número Internacional Estándar del Libro 84-600-4604-4
080 ## - NÚMERO DE LA CLASIFICACIÓN DECIMAL UNIVERSAL
Número de la Clasificación Decimal Universal 325.2 (462.2)"1961/75"
100 1# - ENTRADA PRINCIPAL--NOMBRE DE PERSONA
Nombre de persona Cayetano Rosado, Moisés.
9 (RLIN) 37206
245 10 - MENCIÓN DEL TÍTULO
Título Movimientos migratorios extremeños en el "desarrollismo español" (1960-75)
Resto del título : memoria de licenciatura realizada /
Mención de responsabilidad, etc. por Moisés Cayetano Rosado.
260 ## - PUBLICACIÓN, DISTRIBUCIÓN, ETC.
Lugar de publicación, distribución, etc. [Mérida :
Nombre del editor, distribuidor, etc. Centro Regional de Extremadura de la Universidad Nacional de Educación a Distancia],
Fecha de publicación, distribución, etc. D.L. 1986.
300 ## - DESCRIPCIÓN FÍSICA
Extensión 269 p. :
Otras características físicas map. graf. ;
Dimensiones 22 cm.
651 #4 - PUNTO DE ACCESO ADICIONAL DE MATERIA--NOMBRE GEOGRÁFICO
Nombre geográfico Extremadura-
Subdivisión general Emigración.
9 (RLIN) 8645
710 2# - ENTRADA AGREGADA--NOMBRE DE ENTIDAD CORPORATIVA
Nombre de entidad corporativa o nombre de jurisdicción como elemento de entrada Universidad Nacional de Educación a Distancia (España).
Unidad subordinada Centro Regional de Extremadura
9 (RLIN) 7412
852 ## - LOCALIZACIÓN
Ubicación ES-MaACL
Número de control de estantería L-20898
Sublocalización o colección R.113393
Holdings
Estatus retirado Estado de pérdida Estado de daño No para préstamo Biblioteca de origen Biblioteca actual Ubicación en estantería Fecha de adquisición Fuente de adquisición Total de préstamos Signatura topográfica completa Código de barras Visto por última vez Precio de reemplazo Tipo de ítem Koha
        Biblioteca del Ateneo de Madrid Biblioteca del Ateneo de Madrid Depósito 2 17/01/2008     L-20898 1013791 23/02/2023 23/02/2023 Libro impreso